Olérdola : historia de la ciudad y guía del conjunto monumental y museo monográfico / por E. Ripoll Perelló historia de la ciudad y guía del conjunto monumental y museo monográfico / por E. Ripoll Perelló
Publicado:
Barcelona :
Diputación Provincial de Barcelona. Instituto de Prehistoria y Arqueología ,
1971
Descripción Física:
91 p. : il., negre i col., [2] map. pleg. ; 20 cm
Colección:
Guías ; 2
MARC
| LEADER | 00000nam a2200000Ia 4500 | ||
|---|---|---|---|
| 001 | 1720 | ||
| 008 | 160829s1971 xx 000 0 cat d | ||
| 080 | |a H-1-208 | ||
| 100 | 1 | |a Ripoll i Perelló, Eduard, |d 1923-2006 |9 20913 | |
| 245 | |a Olérdola : |b historia de la ciudad y guía del conjunto monumental y museo monográfico / por E. Ripoll Perelló | ||
| 260 | |a Barcelona : |b Diputación Provincial de Barcelona. Instituto de Prehistoria y Arqueología, |c 1971 | ||
| 300 | |a 91 p. : |b il., negre i col., [2] map. pleg. ; |c 20 cm | ||
| 490 | |a Guías ; 2 | ||
| 650 | |a Olèrdola |x Història |9 32448 | ||
| 650 | |a Olèrdola |x Guies |9 32449 | ||
| 710 | 2 | |a Instituto de Prehistoria y Arqueología (Barcelona, Catalunya) |9 54255 | |
| 901 | |a Arxiu | ||
| 942 | |n 1 |2 udc | ||
| 952 | |0 0 |1 0 |4 0 |6 H1208 |7 1 |9 45986 |a Arxiu |b Arxiu |d 2016-12-01 |l 0 |o H-1-208 |p 1720 |r 2016-12-01 00:00:00 |w 2016-12-01 |y ARXIU | ||
| 999 | |c 49487 |d 49487 | ||